Robinson Crusoe

Guardat en:
Dades bibliogràfiques
Autor principal: Defoe, Daniel (Autor)
Format: Llibre
Idioma:anglès
Publicat: Nueva York Pocket Books 1957
Col·lecció:Pocket Library
Matèries:
Etiquetes: Afegir etiqueta
Sense etiquetes, Sigues el primer a etiquetar aquest registre!

MARC

LEADER 00000nam a2200000 a 4500
001 UCR9959
003 CL-VaPUC
008 980619e19570000US |||||||||||||||||eng|d
082 0 4 |a 823  |b DEF  |2 21 
100 |a Defoe, Daniel   |e author  |9 338739 
245 1 0 |a Robinson Crusoe 
300 |a 500 p 
942 |c BK 
945 |d 19980619 00:00:00  |a crobeson 
260 |a Nueva York  |b Pocket Books  |c 1957 
650 0 |a Novelas inglesas  |9 265220 
650 0 |a Literatura inglesa  |9 312907 
583 |a last modification  |c 19980619 00:00:00  |k Rodrigo Vera 
490 0 |a Pocket Library 
999 |c 271130  |d 271128 
952 |0 0  |1 0  |4 0  |6 823_000000000000000_DEF_1957  |7 0  |8 A  |9 305661  |a BIBEDU  |b BIBEDU  |d 2019-11-20  |i 1421638  |o 823 DEF 1957  |p 1421638  |r 2019-11-20  |w 2019-11-20  |y BK  |k LIT